00905nam a2200217 a 4500001001000000003000400010005001700014008004100031040002500072049000900097082001900106110010800125245009800233260005500331300002100386650002600407650004800433942001300481952017600494999001700670000032768OSt20201013103234.0110726s1907 dr 000 0 spa d aDO-SdBNPbspacBNPHU aBNPD 4a347.077bR426i1 aRepública Dominicana9447bComisión Mixta compuesta de la de Relaciones Exteriores y la de Hacienda10aInforme sobre el laudo presentado al congreso nacional en su sesión del 15 de mayo de 1905. aSanto Domingo :bImp. La Cuna de América,c1907. a250 p. ;c26 cm. 4aLaudo arbitral976859 4aDeuda externazRepública Dominicana91783 2ddccLF1 00102ddc718PDaPDbPDcCTd2011-07-26iLF1l0p32768-10r2020-06-25uBNPHU 347.077 R426iw2020-06-25yLFPDzPerteneció a la biblioteca personal de Julio Ortega Frier. c32259d32259